"Lil" Rappers By Song - Statistics

General Stats
  • This quiz has been taken 393 times
  • The average score is 10 of 22
Answer Stats
Song Lil... % Correct
XO Tour Llif3 Uzi Vert
97%
Ransom Tecca
89%
Esskeetit Pump
88%
Yacht Club Yachty
88%
Woah Baby
73%
Lust Skies
66%
Save That Shit Peep
64%
Rodeo Nas X
62%
Sucker For Pain Wayne
62%
Kamikaze Mosey
60%
Earth Dicky
50%
20/20 Tjay
47%
Betrayed Xan
47%
Home Body Durk
33%
TDFW Jon
20%
Lady Marmalade Kim
18%
Pull Up Keed
11%
Wanna Be a Baller Troy
8%
Sunshine Flip
7%
Play Around Cease
4%
Already Dead Boom
3%
What U Gon' Do Scrappy
3%
No matching quizzes found
Score Distribution
Percent of People with Each Score
Percentile by Number Answered
Your Score History
You have not taken this quiz